| 000 | 00481nam a2200157 a 4500 | ||
|---|---|---|---|
| 001 | 000036177 | ||
| 005 | 20200930074931.0 | ||
| 008 | 120110s2001 xxu 000 0 spa d | ||
| 020 | _a0883686651 | ||
| 082 |
_axxxx _bH228p |
||
| 100 | 1 |
_aHamon, Bill _962220 |
|
| 245 | 1 | 0 |
_aProfetas y profecĂa personal : _bla voz profĂ©tica de Dios hoy / _cBill Hamon. |
| 260 |
_aEstados Unidos : _bPublicaciones Christian International, _c2001. |
||
| 300 |
_a254 p. ; _c21 cm. |
||
| 999 |
_c35668 _d35668 |
||
| 040 | _aDO-SdBNP | ||